Schaum's outline of theory and problems of physical science

Na minha lista:
Detalhes bibliográficos
Autor principal: Arthur Beiser
Formato: Livro
Idioma:Undetermined
Publicado em: New York McGraw-Hill 1988
Assuntos:
Tags: Adicionar Tag
Sem tags, seja o primeiro a adicionar uma tag!
Thư viện lưu trữ: Trung tâm Học liệu Trường Đại học Cần Thơ
LEADER 00526nam a2200193Ia 4500
001 CTU_54689
008 210402s9999 xx 000 0 und d
020 |b 200000 
082 |a 500.2 
082 |b B423 
100 |a Arthur Beiser 
245 0 |a Schaum's outline of theory and problems of physical science 
245 0 |c Arthur Beiser 
260 |a New York 
260 |b McGraw-Hill 
260 |c 1988 
650 |a science 
650 |x problems, exercises, etc. 
980 |a Trung tâm Học liệu Trường Đại học Cần Thơ